Hội thoại anh việt Quyển 1

Αποθηκεύτηκε σε:
Λεπτομέρειες βιβλιογραφικής εγγραφής
Κύριος συγγραφέας: Nguyễn Quốc Hùng
Μορφή: Βιβλίο
Έκδοση: H. Đại học và Trung học chuyên nghiệp 1985
Θέματα:
Ετικέτες: Προσθήκη ετικέτας
Δεν υπάρχουν, Καταχωρήστε ετικέτα πρώτοι!
Thư viện lưu trữ: Trung tâm Học liệu Lê Vũ Hùng, Trường Đại học Đồng Tháp
LEADER 00692pam a22002058a 4500
001 00025390
008 110804s1985 ||||||Viesd
005 20171026081025.0
041 0 # |a Vie 
082 1 4 |a 428  |b H452TH 
100 0 # |a Nguyễn Quốc Hùng 
245 0 0 |a Hội thoại anh việt  |c Nguyễn Quốc Hùng  |n Quyển 1 
260 # # |a H.  |b Đại học và Trung học chuyên nghiệp  |c 1985 
300 # # |a 130 p.  |c 13 cm. 
650 # 4 |a anh viet 
653 # # |a song ngữ 
852 # # |b Kho mượn  |j KM.0006885, KM.0006884 
852 # # |j KM.0006885  |j KM.0006884 
910 |d 04/08/2011 
980 # # |a Trung tâm Học liệu Lê Vũ Hùng, Trường Đại học Đồng Tháp